[Event "Astana op"]
[Site "Astana"]
[Date "2017.07.21"]
[Round "1"]
[White "Ponkratov, Pavel"]
[Black "Tashimova, Nadiya"]
[Result "1-0"]
[WhiteElo "2603"]
[BlackElo "2005"]
[PlyCount "71"]
[EventDate "2017.07.21"]
[EventType "swiss"]
[EventRounds "9"]
[EventCountry "KAZ"]
[SourceTitle "CBM 179 Extra"]
[Source "ChessBase"]
[SourceDate "2017.08.23"]
[SourceVersion "1"]
[SourceVersionDate "2017.08.23"]
[SourceQuality "1"]

1. e4 c6 2. Nc3 d5 3. Nf3 dxe4 4. Nxe4 Bg4 5. h3 Bxf3 6. Qxf3 e6 7. Qg3 Nh6 8. Qb3 Qc7 9. d4 Nf5 10. c3 Be7 11. g3 Nd7 12. Bg2 Nf6 13. 0-0 Nxe4 14. Bxe4 0-0 15. Bd2 Nd6 16. Bd3 c5 17. Qc2 g6 18. dxc5 Qxc5 19. Be3 Qh5 20. Kh2 a6 21. Rad1 Rac8 22. Be2 Qa5 23. Qb3 b5 24. Bf4 Rfd8 25. Rd4 Nc4 26. Rxd8+ Bxd8 27. a3 Qb6 28. a4 Qc5 29. axb5 axb5 30. Qa2 e5 31. Bc1 Kg7 32. b3 Nb6 33. Bd2 Nd5 34. b4 Qd6 35. Rd1 Kg8 36. Be1 1-0

[Event "Pavlodar op"]
[Site "Pavlodar"]
[Date "2015.12.07"]
[Round "1"]
[White "Tashimova, Nadiya"]
[Black "Khusnutdinov, Rustam"]
[Result "0-1"]
[WhiteElo "2070"]
[BlackElo "2517"]
[PlyCount "70"]
[EventDate "2015.12.07"]
[EventType "swiss"]
[EventRounds "10"]
[EventCountry "KAZ"]
[SourceTitle "EXT 2017"]
[Source "ChessBase"]
[SourceDate "2016.10.25"]
[SourceVersion "1"]
[SourceVersionDate "2016.10.25"]
[SourceQuality "1"]

1. e4 c5 2. Nf3 e6 3. d4 cxd4 4. Nxd4 Nc6 5. Nb5 d6 6. c4 Nf6 7. N1c3 a6 8. Nd4 Be7 9. Be2 0-0 10. 0-0 Bd7 11. Nc2 Rc8 12. b3 Qc7 13. Bb2 Rfd8 14. Ne3 Be8 15. Rc1 Qb8 16. Kh1 b5 17. cxb5 axb5 18. Bxb5 Nxe4 19. Nxe4 Qxb5 20. f4 d5 21. Qg4 d4 22. f5 Ne5 23. Qg3 Rxc1 24. Rxc1 f6 25. Nc4 Nxc4 26. Rxc4 Qxf5 27. Nd2 Bd6 28. Qe1 e5 29. Ne4 Bf8 30. h3 Bf7 31. Rc7 Bd5 32. Nf2 Qg6 33. Qf1 Qg3 34. Kg1 e4 35. Ng4 Qxc7 0-1

[Event "Pavlodar op"]
[Site "Pavlodar"]
[Date "2010.12.03"]
[Round "4"]
[White "Tashimova, Nadiya"]
[Black "Mezentsev, Ivan"]
[Result "1/2-1/2"]
[WhiteElo "2070"]
[BlackElo "1745"]
[PlyCount "111"]
[EventDate "2010.11.30"]
[EventType "swiss"]
[EventRounds "10"]
[EventCountry "KAZ"]
[SourceTitle "EXT 2012"]
[Source "ChessBase"]
[SourceDate "2011.11.24"]
[SourceVersion "1"]
[SourceVersionDate "2011.11.24"]
[SourceQuality "1"]

1. e4 c5 2. Nf3 e6 3. d4 cxd4 4. Nxd4 Nf6 5. Bd3 Nc6 6. Nxc6 bxc6 7. 0-0 Be7 8. e5 Nd5 9. Qg4 Bf8 10. Nd2 Nb4 11. Ne4 Nxd3 12. cxd3 Ba6 13. Nd6+ Bxd6 14. Qxg7 Bxe5 15. Qxe5 Rg8 16. Qe4 f5 17. Qf3 Qf6 18. Re1 Qg6 19. h3 Bxd3 20. g3 Be4 21. Qe2 h5 22. Kh2 h4 23. g4 Bd5 24. g5 Rf8 25. Bf4 Rh8 26. Qe5 Rh7 27. Qc7 Qh5 28. Re3 Rg7 29. Rae1 Kf8 30. Qb7 Re8 31. Rg1 Kg8 32. Qb4 Be4 33. Qd6 a5 34. b3 Rf8 35. Qd2 Ra8 36. Be5 Rxg5 37. Ree1 f4 38. Qxf4 Rg6 39. Rxg6+ Bxg6 40. Qf6 Qh6 41. Rg1 Kh7 42. Qe7+ Kg8 43. Qxd7 Rf8 44. Qxe6+ Kh7 45. f4 Rf7 46. Qxc6 Rf5 47. Qc7+ Rf7 48. Qd8 Rf8 49. Qg5 Qxg5 50. Rxg5 Rc8 51. Rg4 Rc2+ 52. Rg2 Rc5 53. Rd2 Be4 54. Kg1 Rc1+ 55. Kf2 Rh1 56. Rd4 1/2-1/2

[Event "World University-ch (Women) 10th"]
[Site "Novokuznetsk"]
[Date "2008.03.07"]
[Round "5"]
[White "Ankhchimeg, Bayanmunkh"]
[Black "Tashimova, Nadiya"]
[Result "0-1"]
[WhiteElo "2245"]
[BlackElo "2073"]
[PlyCount "76"]
[EventDate "2008.03.04"]
[EventType "team"]
[EventRounds "9"]
[EventCountry "RUS"]
[SourceTitle "CBM 123 Extra"]
[Source "ChessBase"]
[SourceDate "2008.05.06"]
[SourceVersion "1"]
[SourceVersionDate "2008.05.06"]
[SourceQuality "1"]

1. e4 c5 2. Nf3 e6 3. d4 cxd4 4. Nxd4 a6 5. Bd3 Nf6 6. 0-0 Qc7 7. Kh1 d5 8. exd5 Nxd5 9. f4 g6 10. c4 Nb4 11. Be2 Bg7 12. Be3 0-0 13. Qb3 N4c6 14. Nxc6 Nxc6 15. Rd1 e5 16. Nc3 exf4 17. Bc5 Re8 18. Bf3 Ne5 19. Bd6 Qxc4 20. Nd5 Qxb3 21. axb3 Bg4 22. h3 Bxf3 23. gxf3 Nxf3 24. Rf1 Nd2 25. Rxf4 Rad8 26. Ne7+ Kh8 27. Bb4 Nxb3 28. Rg1 a5 29. Ba3 b5 30. Rxf7 b4 31. h4 Rf8 32. Rxf8+ Rxf8 33. h5 gxh5 34. Rg3 bxa3 35. bxa3 a4 36. Rh3 Re8 37. Nd5 Bd4 38. Rxh5 Re5 0-1

[Event "Pavlodar op"]
[Site "Pavlodar"]
[Date "2007.12.19"]
[Round "6"]
[White "Tashimova, Nadiya"]
[Black "Aketayeva, Dana"]
[Result "1/2-1/2"]
[WhiteElo "2094"]
[BlackElo "2248"]
[PlyCount "44"]
[EventDate "2007.12.16"]
[EventType "swiss"]
[EventRounds "11"]
[EventCountry "KAZ"]
[SourceTitle "CBM 122 Extra"]
[Source "ChessBase"]
[SourceDate "2008.03.04"]
[SourceVersion "1"]
[SourceVersionDate "2008.03.04"]
[SourceQuality "1"]

1. e4 e5 2. Nf3 Nc6 3. Bc4 Bc5 4. c3 Nf6 5. d3 a6 6. Bb3 d6 7. Nbd2 Ba7 8. Nf1 h6 9. Ng3 Qe7 10. Qe2 Be6 11. Ba4 b5 12. Bc2 Ng4 13. 0-0 g5 14. Nh5 Rg8 15. a4 b4 16. d4 exd4 17. Qxa6 Nge5 18. Nxe5 Nxe5 19. cxd4 Bc4 20. Qb7 Rb8 21. Qxa7 Nc6 22. Nf6+ Kf8 1/2-1/2

[Event "Asia-ch U20 Girls"]
[Site "New Delhi"]
[Date "2006.11.12"]
[Round "4.8"]
[White "Bayat, Shohreh"]
[Black "Tashimova, Nadiya"]
[Result "1/2-1/2"]
[WhiteElo "2074"]
[BlackElo "2109"]
[PlyCount "43"]
[EventDate "2006.11.07"]
[EventType "swiss"]
[EventRounds "9"]
[EventCountry "IND"]
[SourceTitle "CBM 115 Extra"]
[Source "ChessBase"]
[SourceDate "2007.01.10"]
[SourceVersion "1"]
[SourceVersionDate "2007.01.10"]
[SourceQuality "1"]

1. e4 Nc6 2. Nc3 d6 3. d4 g6 4. d5 Nb8 5. Be3 Bg7 6. Qd2 c5 7. h4 h5 8. Nd1 Nd7 9. c4 Ngf6 10. f3 Ne5 11. Nc3 a6 12. a4 Bd7 13. a5 b6 14. axb6 Qxb6 15. Be2 0-0 16. g4 hxg4 17. f4 Nf3+ 18. Nxf3 gxf3 19. Bxf3 Ng4 20. Bf2 Rfb8 21. e5 dxe5 22. fxe5 1/2-1/2

[Event "Asia-ch U20 Girls"]
[Site "New Delhi"]
[Date "2006.11.12"]
[Round "7.8"]
[White "Tashimova, Nadiya"]
[Black "Kulkarni, Ketaki"]
[Result "1/2-1/2"]
[WhiteElo "2109"]
[BlackElo "2031"]
[PlyCount "102"]
[EventDate "2006.11.07"]
[EventType "swiss"]
[EventRounds "9"]
[EventCountry "IND"]
[SourceTitle "CBM 115 Extra"]
[Source "ChessBase"]
[SourceDate "2007.01.10"]
[SourceVersion "1"]
[SourceVersionDate "2007.01.10"]
[SourceQuality "1"]

1. e4 e6 2. d4 d5 3. e5 c5 4. c3 Nc6 5. Ne2 Nge7 6. Na3 Nf5 7. Nc2 Bd7 8. g3 cxd4 9. cxd4 Qb6 10. Bh3 Nb4 11. Ne3 Qa6 12. 0-0 Bb5 13. Bg4 h5 14. Bf3 Be7 15. h4 Bd3 16. a3 Nxe3 17. Bxe3 Nc2 18. Rc1 Rc8 19. Qd2 Kd7 20. Rfd1 Nxe3 21. Qxe3 Bxe2 22. Bxe2 Qb6 23. b4 g6 24. Qb3 Rc7 25. Qa4+ Kc8 26. Bb5 Kb8 27. Be8 Bd8 28. Rc5 Rxc5 29. bxc5 Qc7 30. Rb1 Ka8 31. c6 b6 32. Bd7 Be7 33. Qa6 Rb8 34. a4 Bd8 35. Qb5 Be7 36. Rb3 a5 37. Rf3 Rf8 38. Qb1 Ka7 39. Qc1 Bb4 40. Qg5 b5 41. axb5 Kb6 42. Qf6 Kxb5 43. Qg7 a4 44. Bxe6 Qxc6 45. Rxf7 Rxf7 46. Qxf7 Kc4 47. Bd7 Qa6 48. Bh3 Kxd4 49. Bg2 Qb5 50. Qf4+ Kc5 51. e6 a3 1/2-1/2

[Event "Asia-ch U20 Girls"]
[Site "New Delhi"]
[Date "2006.11.08"]
[Round "2.1"]
[White "Gomes, Mary Ann"]
[Black "Tashimova, Nadiya"]
[Result "0-1"]
[WhiteElo "2264"]
[BlackElo "2109"]
[PlyCount "39"]
[EventDate "2006.11.07"]
[EventType "swiss"]
[EventRounds "9"]
[EventCountry "IND"]
[SourceTitle "CBM 115 Extra"]
[Source "ChessBase"]
[SourceDate "2007.01.10"]
[SourceVersion "1"]
[SourceVersionDate "2007.01.10"]
[SourceQuality "1"]

1. Nf3 e6 2. c4 d5 3. g3 Nf6 4. Bg2 Be7 5. b3 d4 6. 0-0 c5 7. d3 Nc6 8. e4 dxe3 9. fxe3 e5 10. Bb2 Qc7 11. Nc3 0-0 12. Nd5 Qd6 13. Nd2 Nxd5 14. cxd5 Nb4 15. Nc4 Qd8 16. e4 f6 17. a3 Na6 18. Kh1 Bd7 19. Qd2 Bb5 20. b4 0-1

[Event "Wch U16 Girls"]
[Site "Heraklion"]
[Date "2002.11.18"]
[Round "5"]
[White "Ismailova, Aytaj"]
[Black "Tashimova, Nadiya"]
[Result "1-0"]
[WhiteElo "2133"]
[BlackElo "2196"]
[PlyCount "63"]
[EventDate "2002.11.15"]
[EventType "swiss"]
[EventRounds "11"]
[EventCountry "GRE"]
[SourceTitle "CBM 091 Extra"]
[Source "ChessBase"]
[SourceDate "2003.01.09"]
[SourceVersion "1"]
[SourceVersionDate "2003.01.09"]
[SourceQuality "1"]

1. e4 Nc6 2. Nf3 a6 3. d4 d5 4. exd5 Qxd5 5. Nc3 Qh5 6. Be2 Bg4 7. 0-0 0-0-0 8. Be3 Nh6 9. h3 Bxf3 10. Bxf3 Qg6 11. Bh5 Qf6 12. Ne4 Qe6 13. Nc5 Qf6 14. c3 e6 15. b4 Nf5 16. Ne4 Qh4 17. Bf3 Nxe3 18. fxe3 Bd6 19. Qa4 Nb8 20. b5 f5 21. Nxd6+ Rxd6 22. Rab1 a5 23. Qxa5 g5 24. Qa7 b6 25. Bc6 Nxc6 26. bxc6 Rxc6 27. Qa8+ Kd7 28. Qxh8 Qh6 29. Rbc1 g4 30. Qe5 gxh3 31. gxh3 Qxh3 32. Rf2 1-0

[Event "Moscow Youth Games U16 Girls"]
[Site "Moscow"]
[Date "2002.06.22"]
[Round "5"]
[White "Astanovskaya, Yulia"]
[Black "Tashimova, Nadiya"]
[Result "1/2-1/2"]
[WhiteElo "2010"]
[BlackElo "2196"]
[PlyCount "106"]
[EventDate "2002.06.18"]
[EventType "swiss"]
[EventRounds "7"]
[EventCountry "RUS"]
[SourceTitle "CBM 088 Extra"]
[Source "ChessBase"]
[SourceDate "2002.07.01"]
[SourceVersion "2"]
[SourceVersionDate "2002.07.01"]
[SourceQuality "1"]

1. e4 c5 2. c3 d5 3. exd5 Qxd5 4. d4 e6 5. Nf3 Nf6 6. Bd3 Be7 7. 0-0 0-0 8. c4 Qd8 9. dxc5 Bxc5 10. Bg5 h6 11. Bh4 Nc6 12. a3 a5 13. Nc3 Be7 14. Qe2 Nd4 15. Qe3 Nxf3+ 16. Qxf3 Qb6 17. Ne4 Nxe4 18. Bxe7 Nd2 19. Qg4 f5 20. Qe2 Nxf1 21. Bxf8 Kxf8 22. Rxf1 Qc5 23. Re1 Ra6 24. g4 Bd7 25. gxf5 exf5 26. b4 Rg6+ 27. Kf1 Qc6 28. f3 axb4 29. axb4 Re6 30. Qf2 Rxe1+ 31. Kxe1 Qd6 32. Qd2 Qe5+ 33. Kf1 Bc6 34. Kg2 g5 35. b5 Be8 36. Qc2 Bd7 37. c5 Qd5 38. Qc3 Qa2+ 39. Kg1 Qe6 40. Bc4 Qg6 41. Qh8+ Ke7 42. Qe5+ Kd8 43. Qb8+ Bc8 44. Bd5 f4 45. Be4 Qf6 46. c6 Qa1+ 47. Kf2 Qb2+ 48. Ke1 Qc1+ 49. Ke2 Qb2+ 50. Kd1 Qd4+ 51. Kc2 Qc4+ 52. Kd2 Qd4+ 53. Kc2 Qc4+ 1/2-1/2